Modern Digital and Analog Communication Systems / (Record no. 101930)
[ view plain ]
| 000 -LEADER | |
|---|---|
| fixed length control field | 01073nam a22002657a 4500 |
| 010 ## - LCCN (DPL NO) | |
| LC control number | 1617EN ENG-116950 |
| 020 ## - INTERNATIONAL STANDARD BOOK NUMBER | |
| International Standard Book Number | 9780198073802 |
| Terms of availability | 650.00 |
| 035 ## - SYSTEM CONTROL NUMBER | |
| System control number | B-651460-469 |
| 035 ## - SYSTEM CONTROL NUMBER | |
| System control number | EN-100482 |
| 035 ## - SYSTEM CONTROL NUMBER | |
| System control number | B-666234 |
| 037 ## - SOURCE OF ACQUISITION | |
| Stock number | dpl |
| Source of stock number/acquisition | Pragati |
| 037 ## - SOURCE OF ACQUISITION | |
| Source of stock number/acquisition | DBAD/PUB |
| 082 ## - DEWEY DECIMAL CLASSIFICATION NUMBER | |
| Classification number | 621.382 |
| 100 ## - MAIN ENTRY--PERSONAL NAME | |
| Personal name | Lathi, B.P. |
| 245 ## - TITLE STATEMENT | |
| Title | Modern Digital and Analog Communication Systems / |
| Statement of responsibility, etc | by B.P. Lathi [and] Zhi Ding |
| 250 ## - EDITION STATEMENT | |
| Edition statement | 4th ed. |
| 260 ## - PUBLICATION, DISTRIBUTION, ETC. (IMPRINT) | |
| Place of publication, distribution, etc | New Delhi |
| Name of publisher, distributor, etc | Oxford University Press |
| Date of publication, distribution, etc | 2016(rpt) |
| 270 ## - ADDRESS | |
| Address | YMCA Building Jai Singh Road |
| City | New Delhi |
| Postal code | 110001 |
| 300 ## - PHYSICAL DESCRIPTION | |
| Extent | xxi, 903 p. |
| Dimensions | 26cm |
| Other physical details | illus. |
| 500 ## - GENERAL NOTE | |
| General note | Includes index |
| 700 ## - ADDED ENTRY--PERSONAL NAME | |
| Personal name | Ding ,Zhi |
| 942 ## - ADDED ENTRY ELEMENTS (KOHA) | |
| Source of classification or shelving scheme | Dewey Decimal Classification |
| Item type | English Books |
| Classification part | 621.382 |
| Call number suffix | LAT |
| Withdrawn status | Lost status | Not for loan | Home library | Current library | Date acquired | Source of acquisition | Cost, normal purchase price | Full call number | Barcode | Copy number | Cost, replacement price | Koha item type | Collection code | Public note |
|---|---|---|---|---|---|---|---|---|---|---|---|---|---|---|
| Ashok Vihar | Ashok Vihar | 04/05/2017 | BPPD/EN/2016-17/AV/16-17/466/15.02.2017/570/28.02.2017/10.3.2017 | 699.00 | 621.382 LAT | B-666234 | 1 | 699.00 | English Books | Non-fiction | Reprint(2017) cost | |||
| Bawana | Bawana | 08/02/2017 | BPPD/EN/2016-17/300/24.11.2016/IN339/2.12.2016/4.1.2017 | 650.00 | 621.382 LAT | B-651467 | 1 | 650.00 | English Books | Non-fiction | ||||
| Central Library | Central Library | 08/02/2017 | BPPD/EN/2016-17/300/24.11.2016/IN339/2.12.2016/4.1.2017 | 650.00 | 621.382 LAT | B-651460 | 1 | 650.00 | English Books | Non-fiction | ||||
| Not For Loan | D.B.Act.Division | D.B.Act.Division | 27/12/2016 | DBAD/PUB | 650.00 | 621.382 LAT | EN-100482 | 1 | 650.00 | English Books | ||||
| Janak Puri | Janak Puri | 08/02/2017 | BPPD/EN/2016-17/300/24.11.2016/IN339/2.12.2016/4.1.2017 | 650.00 | 621.382 LAT | B-651463 | 1 | 650.00 | English Books | Non-fiction | ||||
| Karol Bagh | Karol Bagh | 08/02/2017 | BPPD/EN/2016-17/300/24.11.2016/IN339/2.12.2016/4.1.2017 | 650.00 | 621.382 LAT | B-651465 | 1 | 650.00 | English Books | Non-fiction | ||||
| Kasturba Gandhi Marg | Kasturba Gandhi Marg | 08/02/2017 | BPPD/EN/2016-17/300/24.11.2016/IN339/2.12.2016/4.1.2017 | 650.00 | 621.382 LAT | B-651462 | 1 | 650.00 | English Books | Non-fiction | ||||
| Narela | Narela | 08/02/2017 | BPPD/EN/2016-17/300/24.11.2016/IN339/2.12.2016/4.1.2017 | 650.00 | 621.382 LAT | B-651466 | 1 | 650.00 | English Books | Non-fiction | ||||
| Patel Nagar | Patel Nagar | 08/02/2017 | BPPD/EN/2016-17/300/24.11.2016/IN339/2.12.2016/4.1.2017 | 650.00 | 621.382 LAT | B-651461 | 1 | 650.00 | English Books | Non-fiction | ||||
| Sarojini Nagar | Sarojini Nagar | 08/02/2017 | BPPD/EN/2016-17/300/24.11.2016/IN339/2.12.2016/4.1.2017 | 650.00 | 621.382 LAT | B-651464 | 1 | 650.00 | English Books | Non-fiction | ||||
| Shahdara Branch | Shahdara Branch | 08/02/2017 | BPPD/EN/2016-17/300/24.11.2016/IN339/2.12.2016/4.1.2017 | 650.00 | 621.382 LAT | B-651468 | 1 | 650.00 | English Books | Non-fiction | ||||
| Yojana Vihar | Yojana Vihar | 08/02/2017 | BPPD/EN/2016-17/300/24.11.2016/IN339/2.12.2016/4.1.2017 | 650.00 | 621.382 LAT | B-651469 | 1 | 650.00 | English Books | Non-fiction |
